ऐसा भी होता है / (Record no. 117974)

MARC details
000 -LEADER
fixed length control field 00991nam a22002537a 4500
005 - DATE AND TIME OF LATEST TRANSACTION
control field 20170124103104.0
010 ## - LIBRARY OF CONGRESS CONTROL NUMBER
LC control number B-070965
020 ## - INTERNATIONAL STANDARD BOOK NUMBER
Terms of availability 140.00
035 ## - SYSTEM CONTROL NUMBER
System control number B-070965
037 ## - SOURCE OF ACQUISITION
Source of stock number/acquisition Cen Lib/Ret
040 ## - CATALOGING SOURCE
Original cataloging agency DPL
Language of cataloging HN
082 ## - DEWEY DECIMAL CLASSIFICATION NUMBER
Classification number
Item number चतुर्वे
100 ## - MAIN ENTRY--PERSONAL NAME
Personal name चतुर्वेदी, शिवनारायण
9 (RLIN) 45
245 ## - TITLE STATEMENT
Title ऐसा भी होता है /
Statement of responsibility, etc शिवनारायण चतुर्वेदी
246 ## - VARYING FORM OF TITLE
Title proper/short title Esa bhi hota hai
Remainder of title by Shivnarayan Chaturvedi
260 ## - PUBLICATION, DISTRIBUTION, ETC. (IMPRINT)
Place of publication, distribution, etc इलाहाबाद
Name of publisher, distributor, etc उमेश प्रकाशन
Date of publication, distribution, etc 2002
270 ## - ADDRESS
Address 100, लकूर गंज
City इलाहाबाद
300 ## - PHYSICAL DESCRIPTION
Extent 146पृष्ठ.
Dimensions 20सेमी(सजिल्द)
650 ## - SUBJECT ADDED ENTRY--TOPICAL TERM
Topical term or geographic name as entry element हिंदी साहित्य
9 (RLIN) 77760
650 ## - SUBJECT ADDED ENTRY--TOPICAL TERM
Topical term or geographic name as entry element हिंदी कहानी
9 (RLIN) 77761
650 ## - SUBJECT ADDED ENTRY--TOPICAL TERM
Topical term or geographic name as entry element Hindi literature
9 (RLIN) 77762
650 ## - SUBJECT ADDED ENTRY--TOPICAL TERM
Topical term or geographic name as entry element Hindi story
9 (RLIN) 43117
942 ## - ADDED ENTRY ELEMENTS (KOHA)
Source of classification or shelving scheme Dewey Decimal Classification
Koha item type Hindi Books
Classification part
Call number suffix चतुर्वे
Holdings
Withdrawn status Lost status Damaged status Not for loan Home library Current library Date acquired Source of acquisition Cost, normal purchase price Total Checkouts Full call number Barcode Date last seen Date checked out Copy number Cost, replacement price Price effective from Koha item type Source of classification or shelving scheme Collection code Shelving location
        Central Library Central Library 09/09/2015 Cen Lib /Ret 140.00 1 क चतुर्वे B-070965 08/12/2022 05/07/2022 1 140.00 09/09/2015 Hindi Books      
        Patel Nagar Patel Nagar 29/01/2019 BPPD/PUB 140.00   क चतुर्वे B-070966 29/01/2019     140.00 29/01/2019 Hindi Books Dewey Decimal Classification Fiction Fiction

© Delhi Public Library
Hit Counter
free hit counter